000 00472nam a22001817a 4500
003 BDDh-ASL
005 20231015031048.0
008 221220s1936 u ||||| |||| 00| 0 a d
040 _aBDDh-ASL
_cBDDh-ASL
041 _aara
082 _a300
_bKHM
100 1 _aKhaldun, Ibn
_93579
245 1 0 _aMuqaddamh, Vol-608 : / مقدمة
260 _aEgypt :
_bMatbatul Amiriya ,
_c1936.
300 _a608 p. :
_c19 cm.
650 0 _aSociology
_92191
942 _2ddc
_cBK
999 _c29735
_d29735